| 000 | 01617nam a22002177a 4500 | ||
|---|---|---|---|
| 999 |
_c58150 _d58150 |
||
| 003 | Ge_BSU | ||
| 005 | 20210701133625.0 | ||
| 008 | 210701s2020 ge ||||| |||| 00| 0 geo d | ||
| 020 | _a9789941971044 | ||
| 041 | _ageo | ||
| 080 | _a341.231.14 ა-26 | ||
| 245 |
_aადამიანის უფლებათა დაცვა და სახელმწიფოს დემოკრატიული ტრანსფორმაცია : _bსტატიათა კრებული / _cრედაქტორი კონსტანტინე კორკელია. |
||
| 264 |
_aთბილისი, _c2020. |
||
| 300 |
_a400 გვ. _b23 სმ. |
||
| 653 | _aსამართალი | ||
| 653 | _aდემოკრატია | ||
| 653 | _aადამიანის უფლებათა დაცვა | ||
| 700 |
_aკორკელია, კონსტანტინე _eრედაქტორი _9539 |
||
| 856 |
_uhttp://ewmi-prolog.org/images/files/2705%E1%83%90%E1%83%93%E1%83%90%E1%83%9B%E1%83%98%E1%83%90%E1%83%9C%E1%83%98%E1%83%A1%E1%83%A3%E1%83%A4%E1%83%9A%E1%83%94%E1%83%91%E1%83%90%E1%83%97%E1%83%90%E1%83%93%E1%83%90%E1%83%AA%E1%83%95%E1%83%90%E1%83%93%E1%83%90%E1%83%A1%E1%83%90%E1%83%AE%E1%83%94%E1%83%9A%E1%83%9B%E1%83%AC%E1%83%98%E1%83%A4%E1%83%9D%E1%83%A1%E1%83%93%E1%83%94%E1%83%9B%E1%83%9D%E1%83%99%E1%83%A0%E1%83%90%E1%83%A2%E1%83%98%E1%83%A3%E1%83%9A%E1%83%98%E1%83%A2%E1%83%A0%E1%83%90%E1%83%9C%E1%83%A1%E1%83%A4%E1%83%9D%E1%83%A0%E1%83%9B%E1%83%90%E1%83%AA%E1%83%98%E1%83%90.pdf _yელ. ვერსია, pdf |
||
| 942 |
_2udc _cBK |
||